000 00328nam a2200133Ia 4500
005 20260328104259.0
008 260328s9999||||xx |||||||||||||| ||und||
100 _aGehl, Jan
245 0 _aNew City Spaces /
_cJan Gehl
260 _bThe Danish Architectural Press
300 _a263 p.
650 _aESPACIO PUBLICO
942 _cBK
999 _c10536
_d10536